Planos de Madrid de los siglos XVII y XVIII / (Record no. 180725)

MARC details
000 -LEADER
campo de control de longitud fija 00918nam a2200205 i 4500
001 - NÚMERO DE CONTROL
campo de control 180725
003 - IDENTIFICADOR DE NÚMERO DE CONTROL
campo de control ES-MaACL
005 - FECHA Y HORA DE LA ÚLTIMA TRANSACCIÓN
campo de control 20250827022123.0
008 - DATOS DE LONGITUD FIJA--INFORMACIÓN GENERAL
campo de control de longitud fija 120704s1960 sp |||| | spa d
080 ## - NÚMERO DE LA CLASIFICACIÓN DECIMAL UNIVERSAL
Número de la Clasificación Decimal Universal 912(460.27 M.)"16/17"
100 1# - ENTRADA PRINCIPAL--NOMBRE DE PERSONA
Nombre de persona Molina Campuzano, Miguel.
9 (RLIN) 81918
245 10 - MENCIÓN DEL TÍTULO
Título Planos de Madrid de los siglos XVII y XVIII /
Mención de responsabilidad, etc. introducción, reseña y estudio por Miguel Molina Campuzano ; prólogo del... conde de Mayalde.
260 ## - PUBLICACIÓN, DISTRIBUCIÓN, ETC.
Lugar de publicación, distribución, etc. Madrid :
Nombre del editor, distribuidor, etc. Instituto de Estudios de Administración Local,
Fecha de publicación, distribución, etc. 1960.
300 ## - DESCRIPCIÓN FÍSICA
Extensión 804 p., XL h. de lám. (algunas pleg.) ;
Dimensiones 30 cm +
Material acompañante/anejo [39] h. de lám.
651 #4 - PUNTO DE ACCESO ADICIONAL DE MATERIA--NOMBRE GEOGRÁFICO
Nombre geográfico Madrid-
Subdivisión de forma Planos.
9 (RLIN) 226192
700 0# - ENTRADA AGREGADA--NOMBRE PERSONAL
Nombre de persona Finat y Escrivá de Romaní, José
Títulos y otros términos asociados al nombre , Conde de Mayalde.
9 (RLIN) 50869
710 2# - ENTRADA AGREGADA--NOMBRE DE ENTIDAD CORPORATIVA
Nombre de entidad corporativa o nombre de jurisdicción como elemento de entrada Instituto de Estudios de Administración Local (España).
Unidad subordinada Seminario de Urbanismo
9 (RLIN) 4895
852 ## - LOCALIZACIÓN
Ubicación ES-MaACL
Número de control de estantería A-6239
Nota libre .- Donativo Fernando del Arco
Holdings
Estatus retirado Estado de pérdida Estado de daño No para préstamo Biblioteca de origen Biblioteca actual Ubicación en estantería Fecha de adquisición Fuente de adquisición Total de préstamos Signatura topográfica completa Código de barras Visto por última vez Precio de reemplazo Tipo de ítem Koha
        Biblioteca del Ateneo de Madrid Biblioteca del Ateneo de Madrid Sala Pecera Planta 1 04/07/2012     A-6239 1189913 23/02/2023 23/02/2023 Libro impreso